| 000 | 00481nam a2200181Ia 4500 | ||
|---|---|---|---|
| 001 | 654 | ||
| 005 | 20260306140533.0 | ||
| 008 | 260306t2006||||xx |||||||||||||| ||spa|| | ||
| 041 | _aESP | ||
| 082 |
_a128.2 _bC24 |
||
| 100 |
_aCampos Roldán, Manuel _eAUT |
||
| 245 | 0 |
_aEn qué se equivocó Popper : _ben torno al desarrollo del concepto mente en el Medioevo |
|
| 260 | _c2006 | ||
| 300 |
_a190 páginas : _c23 cm. |
||
| 650 | _aGEN | ||
| 654 | _aCHU | ||
| 942 |
_cLIB _dJUS _fJUS _2ddc _n |
||
| 999 |
_c654 _d654 |
||